000 00554nam a2200229Ia 4500
003 OSt
005 20221005023648.0
006 a|||||r|||| 00| 0
007 ta
008 221004b |||||||| |||| 00| 0 eng d
024 _a25906
037 _cTextual
040 _aCRL
_cCRL
_beng
041 _2eng
_aeng
082 _aQ11:g, 113D1
245 0 _aRbhu's in Rgveda
260 _aBertelsmahn
_bGutersloh
_c1901
300 _a49p.
_ccm.
650 _aRELIGION
942 _hQ11:g, 113D1
_cTEXL
_2cc
999 _c931554
_d931554